| Tag |
First Indicator |
Second Indicator |
Subfields |
| LEADER |
00000nam a2200000 i 4500 |
| 001 |
in00004596830 |
| 003 |
OCoLC |
| 005 |
20221010155020.6 |
| 006 |
m o d |
| 007 |
cr cnu---unuuu |
| 008 |
220304s2022 pauab ob 001 0 eng |
| 010 |
|
|
|a 2022003097
|
| 024 |
8 |
|
|a 40031329044
|
| 040 |
|
|
|a DLC
|b eng
|e rda
|c DLC
|d OCLCF
|d YDX
|
| 019 |
|
|
|a 1303696993
|
| 020 |
|
|
|a 9781668424254
|q electronic book
|
| 020 |
|
|
|a 1668424258
|q electronic book
|
| 020 |
|
|
|z 9781668424230
|q hardcover
|
| 035 |
|
|
|a (OCoLC)1304833757
|z (OCoLC)1303696993
|
| 042 |
|
|
|a pcc
|
| 050 |
|
4 |
|a SB355
|b .H29 2022
|
| 082 |
0 |
0 |
|a 634
|2 23/eng/20220315
|
| 245 |
0 |
0 |
|a Handbook of research on principles and practices for orchards management /
|c [edited by] Waleed Fouad Abobatta, Ahmed Farag, Mohamed Abdel-Raheem.
|
| 264 |
|
1 |
|a Hershey PA :
|b IGI Global, Engineering Science Reference,
|c [2022]
|
| 300 |
|
|
|a 1 online resource ( xxii, 382 pages) :
|b illustrations (chiefly color), color maps.
|
| 336 |
|
|
|a text
|b txt
|2 rdacontent
|
| 337 |
|
|
|a computer
|b c
|2 rdamedia
|
| 338 |
|
|
|a online resource
|b cr
|2 rdacarrier
|
| 490 |
1 |
|
|a Practice, progress, and proficiency in sustainability (PPPS) book series
|
| 500 |
|
|
|a "Premier reference source"--Cover.
|
| 504 |
|
|
|a Includes bibliographical references and index.
|
| 505 |
0 |
|
|a Irrigation management for horticultural crops / Farag, A.A., Abdrabbo, M.A., and Ghandour, A. -- New tillage technique for better management of vine orchards Management of vine orchards / Anis Elaoud and Rim Jalel -- Optimization of superabsorbent green hydrogel in agriculture based on guar gum by response surface methodology : optimization of hydrogel in agriculture guar gum / Zaki, E.G., shimaa elsaeed, AZIZ Khalid -- Carbon and water footprint / Farag, A.A., and Abdrabbo, M.A. -- Impact of magnetic water treatments on citrus cultivation under abiotic stress, Abobatta, W.F. and Elaoud, A. -- Shading of citrus orchards under fluctuation of climate conditions / Abobatta, W.F. -- Emblica officinalis orchard based agroforestry for augmented productivity / Kumud Dubey and K. P. Dubey -- Mitigation of drought stress on orchards tree / Altaey, D.K.A. -- Optimization of Superabsorbent green hydrogel in agriculture based on guar gum by response surface methodology : optimization of hydrogel in agriculture guar gum / Zaki, E.G., shimaa elsaeed, AZIZ Khalid -- Good agricultural practices for date palms (Phoenix dactylifera L.) / El Sharabasy, S.F. and Ghazzawy, H.S. -- In vivo date palm / Darwesh, R.S.S -- The orchards biomass management / Abul-Soud M.A., Emam M.S.A -- Genetic resources, breeding, and molecular genetic markers for orchards improvement and management / Clara R. Azzam -- Regression model applied to water treatment parameter in fruit orchards / Ben Salah, N. -- The relationship of insects and the process of pollination and increase the production of orchards / Abdel-Raheem, M.A. -- Pests control on orchard / Abdel-Raheem -- Different types of diseases infected orchids plants : the most important disease infected the orchids / Rehab Yassin Ghareeb, and Amira A Ibrahim.
|
| 588 |
|
|
|a Description based on online resource; title from digital title page (viewed on October 10, 2022).
|
| 650 |
|
0 |
|a Orchards
|x Management.
|
| 650 |
|
0 |
|a Fruit-culture.
|
| 650 |
|
7 |
|a Fruit-culture.
|2 fast
|0 (OCoLC)fst00935739
|
| 650 |
|
7 |
|a Orchards
|x Management.
|2 fast
|0 (OCoLC)fst01047277
|
| 655 |
|
7 |
|a Electronic books.
|2 local
|
| 700 |
1 |
|
|a Abobatta, Waleed,
|d 1968-
|e editor.
|
| 700 |
1 |
|
|a Farag, Ahmed,
|d 1973-
|e editor.
|
| 700 |
1 |
|
|a Abdel-Raheem, Mohamed,
|e editor.
|
| 710 |
2 |
|
|a IGI Global Online
|
| 776 |
1 |
8 |
|i Print version:
|t Handbook of research on principles and practices for orchards management
|d Hershey PA : Engineering Science Reference, [2022]
|z 9781668424230
|w (DLC) 2022003096
|
| 830 |
|
0 |
|a Practice, progress, and proficiency in sustainability (PPPS) book series.
|
| 856 |
4 |
0 |
|u http://proxy.library.tamu.edu/login?url=https://dx.doi.org/10.4018/978-1-6684-2423-0
|z Connect to the full text of this electronic book
|t 0
|
| 945 |
|
|
|b 448468
|
| 955 |
|
|
|a YBP purchased approval e-records
|
| 980 |
|
|
|b ebook
|c 40031329044
|f NONFIC/B
|g 565751
|k USD
|m 265.50
|q 1
|s AcqMono Conventional
|t Approval plan
|u Vendor order reference number
|v ZYBP
|y E-approvals
|z Electronic resource
|
| 999 |
f |
f |
|i ce9fbdcd-89b7-4bcd-a74e-3c4af6c0a1ff
|s 4b016c20-8f31-4000-bb67-f422182d0311
|t 0
|
| 952 |
f |
f |
|a Texas A&M University
|b College Station
|c Electronic Resources
|s www_evans
|d Available Online
|t 0
|e SB355 .H29 2022
|h Library of Congress classification
|